L'industrie francaise face aux plans
Saved in:
| Main Author: | |
|---|---|
| Format: | Book |
| Language: | Undetermined |
| Published: |
Paris
Les Editions D'organisation
1970
|
| Subjects: | |
| Tags: |
Add Tag
No Tags, Be the first to tag this record!
|
| Institutions: | Trung tâm Học liệu Trường Đại học Cần Thơ |
|---|
| LEADER | 00522nam a2200193Ia 4500 | ||
|---|---|---|---|
| 001 | CTU_85732 | ||
| 008 | 210402s9999 xx 000 0 und d | ||
| 082 | |a 338.4 | ||
| 082 | |b M362 | ||
| 100 | |a Mcarthur, John H. | ||
| 245 | 0 | |a L'industrie francaise face aux plans | |
| 245 | 0 | |c John H. Mcarthur, Bruce R. Scott | |
| 260 | |a Paris | ||
| 260 | |b Les Editions D'organisation | ||
| 260 | |c 1970 | ||
| 650 | |a Industrial | ||
| 650 | |z France | ||
| 904 | |i Năm | ||
| 980 | |a Trung tâm Học liệu Trường Đại học Cần Thơ | ||